Premier League Teams Relegated Right After Promotion - Statistics

General Stats
  • This quiz has been taken 243 times
  • The average score is 22 of 31
Answer Stats
Promoted Relegated Club % Correct
2003-04 2004-05 Norwich City
92%
2014-15 2015-16 Norwich City
92%
2015-16 2016-17 Middlesbrough
81%
2006-07 2007-08 Derby County
80%
2015-16 2016-17 Hull City
80%
1995-96 1996-97 Sunderland
79%
2004-05 2005-06 Sunderland
79%
2008-09 2009-10 Burnley
76%
2013-14 2014-15 Burnley
76%
2009-10 2010-11 Blackpool
75%
2013-14 2014-15 Queens Park Rangers
75%
2001-02 2002-03 West Bromwich Albion
74%
2007-08 2008-09 West Bromwich Albion
74%
1993-94 1994-95 Leicester City
72%
2002-03 2003-04 Leicester City
72%
2005-06 2006-07 Sheffield United
72%
1993-94 1994-95 Crystal Palace
71%
1996-97 1997-98 Crystal Palace
71%
2003-04 2004-05 Crystal Palace
71%
1998-99 1999-2000 Watford
71%
2005-06 2006-07 Watford
71%
2012-13 2013-14 Cardiff City
69%
2006-07 2007-08 Birmingham City
67%
2002-03 2003-04 Wolverhampton Wanderers
67%
2011-12 2012-13 Reading
66%
1994-95 1995-96 Bolton Wanderers
63%
1996-97 1997-98 Bolton Wanderers
63%
1996-97 1997-98 Barnsley
58%
1992-93 1993-94 Swindon Town
57%
1997-98 1998-99 Charlton Athletic
55%
1999-2000 2000-01 Manchester City
51%
No matching quizzes found
Score Distribution
Percent of People with Each Score
Percentile by Number Answered
Your Score History
You have not taken this quiz